[Event "XV Obert Internacional d'Escacs de Figueres "Mique"]
[Site "Castillo San Ferran Figueres"]
[Date "2014.08.13"]
[Round "3"]
[Board "8"]
[White "Caballero Maytin, Jesus"]
[Black "Cuadras Avellana, Jordi"]
[Result "1-0"]
[WhiteElo "1992"]
[BlackElo "2327"]
[PlyCount "92"]
[EventDate "2014.08.11"]
[EventRounds "9"]
[EventCountry "ESP"]

1. e4 c5 2. Nf3 e6 3. d4 cxd4 4. Nxd4 a6 5. Bd3 Bc5 6. Nb3 Be7 7. O-O d6 8. Be3
Nf6 9. f4 Nbd7 10. Qf3 O-O 11. Nc3 Qc7 12. g4 g6 13. Ne2 b6 14. g5 Nh5 15. Ng3
Nxg3 16. hxg3 Bb7 17. Qe2 d5 18. e5 Nc5 19. Qh2 Nxb3 20. axb3 d4 21. Bd2 Rfc8
22. Rae1 Qd7 23. Rf2 h5 24. gxh6 Kh7 25. Qh3 Rf8 26. g4 Kh8 27. h7 f5 28. exf6
Rxf6 29. g5 Rf5 30. Bxf5 exf5 31. Rfe2 Bf8 32. Re6 Qg7 33. Qh6 Qxh6 34. gxh6
Be4 35. c3 dxc3 36. Bxc3+ Kxh7 37. Rd1 Kxh6 38. Kf2 Kh5 39. Kg3 g5 40. fxg5
Kxg5 41. Bd2+ Kh5 42. Bf4 Ra7 43. Be5 Bh6 44. Rdd6 f4+ 45. Kf2 Bg5 46. Re8 Kg4
 1-0

[Event "XV Obert Internacional d'Escacs de Figueres "Mique"]
[Site "Castillo San Ferran Figueres"]
[Date "2014.08.13"]
[Round "3"]
[Board "9"]
[White "Renteria, Jorge"]
[Black "Aymerich Verdaguer, Eduard"]
[Result "1-0"]
[WhiteElo "2306"]
[BlackElo "2023"]
[PlyCount "83"]
[EventDate "2014.08.11"]
[EventRounds "9"]
[EventCountry "ESP"]

1. e4 c5 2. Nf3 e6 3. d4 cxd4 4. Nxd4 Nc6 5. Nc3 Qc7 6. Be3 a6 7. Qd2 Nf6 8. f3
Bb4 9. a3 Be7 10. g4 h6 11. O-O-O b5 12. Nxc6 Qxc6 13. e5 Nd5 14. Nxd5 Qxd5 15.
Qxd5 exd5 16. Bg2 d4 17. Rxd4 Bb7 18. Rhd1 Bc6 19. R4d2 O-O 20. f4 Rfe8 21.
Bxc6 dxc6 22. Rd7 c5 23. Rc7 Bd8 24. Rb7 g5 25. Rdd7 gxf4 26. Bxf4 Bg5 27. Bxg5
hxg5 28. Rxf7 Rxe5 29. Rg7+ Kh8 30. b3 Rc8 31. Rh7+ Kg8 32. Rbg7+ Kf8 33. Ra7
Kg8 34. Rae7 Rxe7 35. Rxe7 c4 36. b4 Rf8 37. Re5 Kg7 38. Rxg5+ Kh6 39. Rh5+ Kg6
40. Kb2 Rf4 41. h3 Rf3 42. a4 1-0

[Event "XV Obert Internacional d'Escacs de Figueres "Mique"]
[Site "Castillo San Ferran Figueres"]
[Date "2014.08.13"]
[Round "3"]
[Board "10"]
[White "Serra Pages, Jordi"]
[Black "Parals Marce, Luis"]
[Result "1-0"]
[WhiteElo "2216"]
[BlackElo "1962"]
[PlyCount "47"]
[EventDate "2014.08.11"]
[EventRounds "9"]
[EventCountry "ESP"]

1. d4 Nf6 2. c4 e6 3. Nf3 b6 4. g3 Bb7 5. Bg2 Be7 6. Nc3 Ne4 7. Qc2 Nxc3 8.
Qxc3 O-O 9. O-O c5 10. Qc2 Nc6 11. dxc5 bxc5 12. Be3 Qc7 13. Rfd1 d6 14. Rac1
Nb4 15. Qb1 h6 16. a3 Nc6 17. b4 cxb4 18. axb4 Rfc8 19. b5 Na5 20. Qa2 d5 21.
cxd5 Bxd5 22. Rxc7 Bxa2 23. Rxc8+ Rxc8 24. Ra1 1-0

[Event "XV Obert Internacional d'Escacs de Figueres "Mique"]
[Site "Castillo San Ferran Figueres"]
[Date "2014.08.13"]
[Round "3"]
[Board "11"]
[White "Dorca Dilme, Ramon"]
[Black "Costa Trave, Jaume"]
[Result "1-0"]
[WhiteElo "2193"]
[BlackElo "1947"]
[PlyCount "61"]
[EventDate "2014.08.11"]
[EventRounds "9"]
[EventCountry "ESP"]

1. e4 d5 2. e5 Bf5 3. Nf3 e6 4. d4 a6 5. Bd3 Bg6 6. h4 c5 7. h5 Bxd3 8. Qxd3 h6
9. dxc5 Bxc5 10. Be3 Nd7 11. Nbd2 Ne7 12. Nb3 Rc8 13. Nxc5 Nxc5 14. Bxc5 Rxc5
15. O-O-O Nc6 16. a3 Qc7 17. Rhe1 Na5 18. Nd2 Nc4 19. f4 Ke7 20. Nxc4 Rxc4 21.
Rf1 Rc8 22. Rd2 Qc6 23. f5 Rg4 24. f6+ gxf6 25. Rxf6 Re4 26. Qf3 Rf8 27. Rf2
Qe8 28. Rxh6 Rxe5 29. Qc3 Qb8 30. Qb4+ Ke8 31. Qxf8+ 1-0

[Event "XV Obert Internacional d'Escacs de Figueres "Mique"]
[Site "Castillo San Ferran Figueres"]
[Date "2014.08.13"]
[Round "3"]
[Board "12"]
[White "Juan Bartroli, Pau"]
[Black "Cano Egea, Gerard"]
[Result "1/2-1/2"]
[WhiteElo "2186"]
[BlackElo "1934"]
[PlyCount "81"]
[EventDate "2014.08.11"]
[EventRounds "9"]
[EventCountry "ESP"]

1. d4 d5 2. c4 e6 3. Nc3 Nf6 4. cxd5 exd5 5. Bg5 Be7 6. e3 O-O 7. Bd3 Nbd7 8.
Nf3 c6 9. Qc2 Re8 10. O-O Nf8 11. Rab1 Ng6 12. b4 a6 13. a4 Ne4 14. Bxe7 Qxe7
15. b5 axb5 16. axb5 Bg4 17. Nd2 Nxd2 18. Qxd2 Nh4 19. Be2 Bf5 20. Ra1 Bh3 21.
Rxa8 Rxa8 22. bxc6 bxc6 23. Rb1 Bxg2 24. Qb2 h6 25. Qb7 Qxb7 26. Rxb7 Ra1+ 27.
Rb1 Rxb1+ 28. Nxb1 Kf8 29. Nd2 Bh3 30. f3 Ke7 31. Kf2 Bc8 32. Bd3 f5 33. f4 g5
34. Nf1 Kd6 35. Ng3 c5 36. dxc5+ Kxc5 37. Ne2 Bd7 38. Kg3 Ng6 39. Kf3 Nh4+ 40.
Kg3 Ng6 41. Kf3 1/2-1/2

[Event "XV Obert Internacional d'Escacs de Figueres "Mique"]
[Site "Castillo San Ferran Figueres"]
[Date "2014.08.13"]
[Round "3"]
[Board "13"]
[White "Izagirre Alsua, Aritz"]
[Black "Vilar Lopez, Monica"]
[Result "1-0"]
[WhiteElo "1913"]
[BlackElo "2171"]
[PlyCount "75"]
[EventDate "2014.08.11"]
[EventRounds "9"]
[EventCountry "ESP"]

1. e4 e6 2. d3 d5 3. Nd2 c5 4. Ngf3 Nc6 5. g3 Nf6 6. Bg2 Be7 7. O-O O-O 8. e5
Nd7 9. Re1 Qc7 10. Qe2 f6 11. exf6 Nxf6 12. Bh3 e5 13. Bxc8 Raxc8 14. Nxe5 Nxe5
15. Qxe5 Bd6 16. Qe2 Rce8 17. Qd1 Rxe1+ 18. Qxe1 Qd7 19. Kg2 Ng4 20. Nf3 Qf7
21. Qe2 Re8 22. Qd1 Rf8 23. Qe2 Re8 24. Qd1 Rf8 25. h3 Ne5 26. Bf4 Nxf3 27.
Bxd6 Nh4+ 28. gxh4 Qxf2+ 29. Kh1 Rf3 30. Bh2 Rxh3 31. Qg1 Qxc2 32. Qg2 Qxd3 33.
Rg1 g6 34. Qg4 b6 35. Kg2 Re3 36. Qc8+ Kg7 37. Qc7+ Kg8 38. Qb8+ 1-0

[Event "XV Obert Internacional d'Escacs de Figueres "Mique"]
[Site "Castillo San Ferran Figueres"]
[Date "2014.08.13"]
[Round "3"]
[Board "14"]
[White "Vinardell Cruanas, Sergi"]
[Black "Fernandez Garcia, Francesc"]
[Result "1/2-1/2"]
[WhiteElo "2167"]
[BlackElo "2070"]
[PlyCount "80"]
[EventDate "2014.08.11"]
[EventRounds "9"]
[EventCountry "ESP"]

1. e4 c5 2. Nf3 g6 3. d4 cxd4 4. Nxd4 Nc6 5. Nc3 Bg7 6. Be3 Nf6 7. Bc4 O-O 8.
Bb3 a5 9. O-O d6 10. f3 Nd7 11. Qd2 Nxd4 12. Bxd4 Nc5 13. Rfd1 Bxd4+ 14. Qxd4
Be6 15. Bxe6 Nxe6 16. Qe3 Qb8 17. a4 Qa7 18. Qxa7 Rxa7 19. Nd5 Re8 20. c3 Nc5
21. Re1 Kf8 22. Re3 Rc8 23. e5 e6 24. Nf6 dxe5 25. Rxe5 Ke7 26. Ne4 b6 27. Nxc5
bxc5 28. Rd1 Rd7 29. Rxd7+ Kxd7 30. Re2 Rc6 31. Kf2 Rd6 32. Ke3 Kc6 33. b3 Rd5
34. Rd2 f6 35. Rd3 e5 36. Ke4 f5+ 37. Ke3 Rxd3+ 38. Kxd3 Kd5 39. Ke3 Kd6 40.
Kd3 Kd5 1/2-1/2

[Event "XV Obert Internacional d'Escacs de Figueres "Mique"]
[Site "Castillo San Ferran Figueres"]
[Date "2014.08.13"]
[Round "3"]
[Board "15"]
[White "Saez Coma, Alejandro"]
[Black "Ayats Llobera, Gerard"]
[Result "1-0"]
[WhiteElo "2113"]
[BlackElo "1934"]
[PlyCount "107"]
[EventDate "2014.08.11"]
[EventRounds "9"]
[EventCountry "ESP"]

1. d4 Nf6 2. Nf3 g6 3. g3 b6 4. Bg2 Bb7 5. c4 Bg7 6. O-O O-O 7. Nc3 d6 8. h3
Nbd7 9. Be3 Re8 10. d5 e5 11. Qc1 a5 12. Bh6 Bh8 13. Nh2 Nc5 14. Bg5 Qd7 15.
Bf3 e4 16. Bg4 Nxg4 17. Nxg4 f5 18. Nf6+ Bxf6 19. Bxf6 Rf8 20. Qg5 Rae8 21. Bd4
Qf7 22. Bxc5 bxc5 23. Rae1 Qg7 24. Qd2 Ba6 25. b3 f4 26. g4 Qh6 27. Kh2 Bc8 28.
f3 e3 29. Qc1 Qh4 30. Rg1 h5 31. Ref1 hxg4 32. fxg4 f3 33. Rxf3 Rxf3 34. exf3
Qf2+ 35. Rg2 Qxf3 36. Ne2 Rf8 37. Qe1 a4 38. Qh4 a3 39. Qh6 Qf7 40. Qxe3 Re8
41. Qh6 Re4 42. Ng3 Re1 43. Nf5 Rb1 44. Nh4 Qf1 45. Qxg6+ Kh8 46. Qe8+ Kh7 47.
Qe7+ Kg8 48. Qd8+ Kh7 49. Qxc7+ Kg8 50. Qxc8+ Kh7 51. Qf5+ Qxf5 52. Nxf5 Rb2
53. Nxd6 Kg6 54. Nb5 1-0

[Event "XV Obert Internacional d'Escacs de Figueres "Mique"]
[Site "Castillo San Ferran Figueres"]
[Date "2014.08.13"]
[Round "3"]
[Board "16"]
[White "Coronado Iruela, Manuel"]
[Black "Pinsach Gelabert, Alexandre"]
[Result "1-0"]
[WhiteElo "2070"]
[BlackElo "2140"]
[PlyCount "113"]
[EventDate "2014.08.11"]
[EventRounds "9"]
[EventCountry "ESP"]

1. c4 e6 2. Nc3 d5 3. d4 c5 4. cxd5 exd5 5. Nf3 Nc6 6. dxc5 d4 7. Na4 Bxc5 8.
Nxc5 Qa5+ 9. Qd2 Qxc5 10. e3 dxe3 11. Qxe3+ Qxe3+ 12. Bxe3 Nge7 13. Bc4 O-O 14.
O-O Bg4 15. Nd4 Ne5 16. Rfc1 Rac8 17. Bf1 Nd5 18. Bd2 a6 19. a3 Nb6 20. Rxc8
Rxc8 21. Rc1 Nec4 22. Bxc4 Nxc4 23. Bc3 f6 24. f3 Bd7 25. Ne2 Kf7 26. Kf2 b5
27. Rd1 Bf5 28. g4 Be6 29. h3 h5 30. Rd4 hxg4 31. hxg4 Rh8 32. Kg2 Ne3+ 33. Kg3
Bc4 34. Nf4 Nf1+ 35. Kf2 g5 36. Nh5 Re8 37. Rxc4 bxc4 38. Kxf1 f5 39. gxf5 Rd8
40. Ng3 Rd3 41. Kf2 Rd5 42. f6 Kg6 43. Ke3 Rd3+ 44. Kf2 Rd5 45. Ne4 Rf5 46. Ke3
Rd5 47. Nd2 Rc5 48. Kd4 Rc8 49. Kd5 Kf5 50. Nxc4 Rd8+ 51. Nd6+ Kf4 52. Bd2+
Kxf3 53. Bxg5 Kg4 54. Bd2 Kh5 55. f7 Kg6 56. Ke6 Kg7 57. Ne8+ 1-0

[Event "XV Obert Internacional d'Escacs de Figueres "Mique"]
[Site "Castillo San Ferran Figueres"]
[Date "2014.08.13"]
[Round "3"]
[Board "18"]
[White "Rivera Hernandez, Josep"]
[Black "Serra Canals, Oriol"]
[Result "0-1"]
[WhiteElo "1925"]
[BlackElo "1892"]
[PlyCount "104"]
[EventDate "2014.08.11"]
[EventRounds "9"]
[EventCountry "ESP"]

1. e4 e6 2. e5 d6 3. exd6 Bxd6 4. d4 Nf6 5. Nf3 Nbd7 6. Bd3 O-O 7. O-O c5 8.
Nc3 b6 9. Bg5 h6 10. Bh4 Bb7 11. Ne4 Be7 12. Nxf6+ Bxf6 13. Bxf6 Qxf6 14. Be2
Rad8 15. c3 Bxf3 16. Bxf3 cxd4 17. cxd4 Nc5 18. Qc2 Rxd4 19. Rad1 Rfd8 20. Rxd4
Rxd4 21. Rd1 g6 22. Rxd4 Qxd4 23. g3 Nd3 24. Qd2 e5 25. b3 Qa1+ 26. Qd1 Qxd1+
27. Bxd1 f5 28. Kf1 Kf7 29. Bc2 Nb4 30. Bb1 Ke6 31. a3 Nd5 32. b4 e4 33. Ke1
Ke5 34. Kd2 Kd4 35. Ba2 g5 36. h4 f4 37. hxg5 hxg5 38. Bb3 e3+ 39. fxe3+ fxe3+
40. Ke1 Nc3 41. Bc2 Ne4 42. g4 Nf2 43. Bf5 Nd3+ 44. Kd1 Nf4 45. Kc2 Kc4 46. Bh7
e2 47. Kd2 Kb3 48. Bg8+ Kxa3 49. Bc4 Kxb4 50. Bxe2 Nxe2 51. Kxe2 Kc4 52. Ke3
Kd5 0-1

[Event "XV Obert Internacional d'Escacs de Figueres "Mique"]
[Site "Castillo San Ferran Figueres"]
[Date "2014.08.14"]
[Round "4"]
[Board "1"]
[White "Perez Mitjans, Orelvis"]
[Black "Gomez Garrido, Camilo Ernesto"]
[Result "1/2-1/2"]
[WhiteElo "2435"]
[BlackElo "2496"]
[PlyCount "24"]
[EventDate "2014.08.11"]
[EventRounds "9"]
[EventCountry "ESP"]

1. c4 Nf6 2. Nf3 g6 3. Nc3 Bg7 4. e4 d6 5. d4 O-O 6. Be2 e5 7. O-O Nc6 8. d5
Ne7 9. Ne1 Nd7 10. Nd3 f5 11. f3 f4 12. Bd2 g5 1/2-1/2

[Event "XV Obert Internacional d'Escacs de Figueres "Mique"]
[Site "Castillo San Ferran Figueres"]
[Date "2014.08.14"]
[Round "4"]
[Board "2"]
[White "Aroshidze, Levan"]
[Black "Kohlweyer, Bernd"]
[Result "1-0"]
[WhiteElo "2539"]
[BlackElo "2422"]
[PlyCount "63"]
[EventDate "2014.08.11"]
[EventRounds "9"]
[EventCountry "ESP"]

1. e4 c5 2. Nf3 e6 3. d4 cxd4 4. Nxd4 a6 5. c4 Nf6 6. Nc3 Bb4 7. Qd3 Qc7 8. a3
Bxc3+ 9. Qxc3 O-O 10. Bd3 d6 11. Bg5 Ng4 12. Be2 Ne5 13. O-O f6 14. Be3 Nf7 15.
b4 e5 16. Nb3 Be6 17. Rac1 Nc6 18. Rfd1 Ne7 19. f3 b6 20. Qb2 Rfc8 21. Nd2 Qb7
22. Bf2 Rc7 23. Nf1 Rac8 24. Ne3 b5 25. Nd5 Bxd5 26. cxd5 Nd8 27. Bf1 Kf7 28.
Bd3 Kf8 29. Rxc7 Rxc7 30. a4 Nc8 31. axb5 axb5 32. Qe2 1-0

[Event "XV Obert Internacional d'Escacs de Figueres "Mique"]
[Site "Castillo San Ferran Figueres"]
[Date "2014.08.14"]
[Round "4"]
[Board "3"]
[White "Gonzalez Rodriguez, Jorge A."]
[Black "Oliva Castaneda, Kevel"]
[Result "0-1"]
[WhiteElo "2382"]
[BlackElo "2446"]
[PlyCount "80"]
[EventDate "2014.08.11"]
[EventRounds "9"]
[EventCountry "ESP"]

1. b3 c5 2. c4 Nc6 3. Bb2 e5 4. Nc3 g6 5. g3 Bg7 6. Bg2 Nge7 7. d3 d6 8. e3 O-O
9. Nge2 Be6 10. Nd5 Qd7 11. Nec3 Bh3 12. O-O Bxg2 13. Kxg2 f5 14. f4 exf4 15.
Nxf4 d5 16. cxd5 Bxc3 17. Bxc3 Nxd5 18. Qd2 Rfe8 19. Rae1 Rad8 20. Ba1 Nxf4+
21. exf4 Rxe1 22. Qxe1 Nb4 23. Rf3 Nc2 24. Qc3 Nxa1 25. Qxa1 Re8 26. Qc1 Qd5
27. Kf2 Qd4+ 28. Re3 b5 29. Ke2 Rd8 30. Qc2 Kg7 31. Re5 Rc8 32. Qd2 Qg1 33. Kf3
Qf1+ 34. Ke3 Kh6 35. Qe2 Qh1 36. Re7 c4 37. dxc4 bxc4 38. bxc4 Rd8 39. Re5 Rd1
40. Qc2 Qg1+ 0-1

[Event "XV Obert Internacional d'Escacs de Figueres "Mique"]
[Site "Castillo San Ferran Figueres"]
[Date "2014.08.14"]
[Round "4"]
[Board "4"]
[White "Alarcon Casellas, Rolando"]
[Black "Lorenzo De La Riva, Lazaro"]
[Result "1/2-1/2"]
[WhiteElo "2411"]
[BlackElo "2415"]
[PlyCount "23"]
[EventDate "2014.08.11"]
[EventRounds "9"]
[EventCountry "ESP"]

1. e4 e5 2. Nf3 Nc6 3. Bb5 Nf6 4. O-O Nxe4 5. d4 Nd6 6. dxe5 Nxb5 7. a4 Nbd4 8.
Nxd4 Nxd4 9. Qxd4 d5 10. Nc3 c6 11. Be3 Be7 12. f4 1/2-1/2

[Event "XV Obert Internacional d'Escacs de Figueres "Mique"]
[Site "Castillo San Ferran Figueres"]
[Date "2014.08.14"]
[Round "4"]
[Board "5"]
[White "Aloma Vidal, Robert"]
[Black "Serra Pages, Jordi"]
[Result "1-0"]
[WhiteElo "2403"]
[BlackElo "2216"]
[PlyCount "61"]
[EventDate "2014.08.11"]
[EventRounds "9"]
[EventCountry "ESP"]

1. d4 Nf6 2. Bg5 e6 3. e4 h6 4. Bxf6 Qxf6 5. c3 d6 6. Bd3 e5 7. Ne2 Nc6 8. O-O
g5 9. Bb5 Bd7 10. d5 Nb8 11. Qb3 c6 12. Ba4 Bc8 13. c4 Be7 14. Nbc3 O-O 15.
dxc6 bxc6 16. Ng3 Bd8 17. Nd1 Bb6 18. Ne3 Qe6 19. Ngf5 Kh7 20. Rad1 Rd8 21. Qa3
Bc5 22. b4 Bxe3 23. fxe3 Bb7 24. c5 d5 25. Nd6 Rxd6 26. cxd6 Nd7 27. b5 cxb5
28. Bxb5 dxe4 29. Qb3 Kg7 30. Qxe6 fxe6 31. Bxd7 1-0

[Event "XV Obert Internacional d'Escacs de Figueres "Mique"]
[Site "Castillo San Ferran Figueres"]
[Date "2014.08.14"]
[Round "4"]
[Board "6"]
[White "Dorca Dilme, Ramon"]
[Black "Sanchez Enriquez, Oscar Gerard"]
[Result "0-1"]
[WhiteElo "2193"]
[BlackElo "2374"]
[PlyCount "112"]
[EventDate "2014.08.11"]
[EventRounds "9"]
[EventCountry "ESP"]

1. e4 e5 2. Nf3 Nc6 3. Nc3 Bb4 4. Bb5 Nge7 5. O-O Bxc3 6. dxc3 d6 7. Re1 O-O 8.
Bg5 Bd7 9. b4 Qe8 10. Bc4 Ng6 11. Nh4 Nxh4 12. Bxh4 Be6 13. Qe2 Nb8 14. Bb3 a5
15. a3 Nd7 16. f3 a4 17. Bxe6 Qxe6 18. Bf2 f5 19. exf5 Rxf5 20. Qb5 b6 21. Qc6
Ra7 22. c4 Rf4 23. Re4 Rxe4 24. fxe4 Nf6 25. Re1 Qd7 26. Qb5 h6 27. Re3 Kf7 28.
Rf3 Qxb5 29. cxb5 Ke6 30. Re3 Ra8 31. c4 Rf8 32. h3 Rf7 33. g4 Rf8 34. Kg2 Nd7
35. Bg3 Rc8 36. Rc3 Rf8 37. Rc2 Rf7 38. Rc3 Nf6 39. Re3 Rf8 40. Re2 Rc8 41. Bf2
c6 42. Bxb6 cxb5 43. cxb5 Rb8 44. Bf2 Rxb5 45. Kf3 d5 46. exd5+ Rxd5 47. Bc5
Nd7 48. Bf2 Rd3+ 49. Re3 Rd2 50. Re2 Rd3+ 51. Re3 Rb3 52. Ke2 Rb2+ 53. Kf3 Nf6
54. Bg3 e4+ 55. Rxe4+ Nxe4 56. Kxe4 Ra2 0-1

[Event "XV Obert Internacional d'Escacs de Figueres "Mique"]
[Site "Castillo San Ferran Figueres"]
[Date "2014.08.14"]
[Round "4"]
[Board "7"]
[White "Caballero Maytin, Jesus"]
[Black "Renteria, Jorge"]
[Result "1/2-1/2"]
[WhiteElo "1992"]
[BlackElo "2306"]
[PlyCount "42"]
[EventDate "2014.08.11"]
[EventRounds "9"]
[EventCountry "ESP"]

1. e4 c5 2. Nc3 d6 3. Bb5+ Nd7 4. Nf3 Ngf6 5. O-O a6 6. Bxd7+ Bxd7 7. d4 cxd4
8. Nxd4 e6 9. f4 Qc7 10. Be3 b5 11. Qf3 Rc8 12. a3 Qb7 13. f5 e5 14. Nb3 h6 15.
Rae1 Rxc3 16. bxc3 Qxe4 17. Nd2 Qxf3 18. Rxf3 Bc6 19. Rg3 Be4 20. c4 Bxf5 21.
cxb5 axb5 {Ilegible acaba a la 85} 1/2-1/2

[Event "XV Obert Internacional d'Escacs de Figueres "Mique"]
[Site "Castillo San Ferran Figueres"]
[Date "2014.08.14"]
[Round "4"]
[Board "8"]
[White "Prats Rodriguez, Juan Bosco"]
[Black "Izagirre Alsua, Aritz"]
[Result "0-1"]
[WhiteElo "2050"]
[BlackElo "1913"]
[PlyCount "70"]
[EventDate "2014.08.11"]
[EventRounds "9"]
[EventCountry "ESP"]

1. e4 c5 2. Nc3 d6 3. g3 Nc6 4. Bg2 g6 5. d3 Bg7 6. Be3 Bd7 7. Qd2 Nd4 8. Nd1
Bc6 9. c3 Nf5 10. Bf4 e5 11. Bg5 f6 12. Be3 Nxe3 13. Nxe3 Ne7 14. Ne2 f5 15. f4
O-O 16. O-O b5 17. Rf2 d5 18. exf5 d4 19. Ng4 Bxg2 20. f6 Bxf6 21. Rxg2 exf4
22. Nxf6+ Rxf6 23. Nxf4 Qd6 24. Re2 Nd5 25. Ng2 dxc3 26. bxc3 b4 27. c4 Nf4 28.
Re3 Nh3+ 29. Kh1 Rf2 30. Qe1 Qc6 31. Re4 Rf6 32. Re2 Raf8 33. Rd1 Nf2+ 34. Rxf2
Rxf2 35. Qe4 Rf1+ 0-1

[Event "XV Obert Internacional d'Escacs de Figueres "Mique"]
[Site "Castillo San Ferran Figueres"]
[Date "2014.08.14"]
[Round "4"]
[Board "9"]
[White "Dalo, Hermes"]
[Black "Coronado Iruela, Manuel"]
[Result "1/2-1/2"]
[WhiteElo "2221"]
[BlackElo "2070"]
[PlyCount "61"]
[EventDate "2014.08.11"]
[EventRounds "9"]
[EventCountry "ESP"]

1. d4 d5 2. c4 c6 3. Nf3 Nf6 4. e3 g6 5. Nc3 Bg7 6. Bd3 O-O 7. O-O Bg4 8. h3
Bxf3 9. Qxf3 e6 10. Rd1 Nbd7 11. Bf1 Re8 12. e4 dxe4 13. Nxe4 Nxe4 14. Qxe4 Nf6
15. Qc2 Qc7 16. Bd2 Rad8 17. Bc3 b6 18. b4 Qb7 19. a4 Rc8 20. b5 c5 21. dxc5
Rxc5 22. a5 Nd7 23. Bxg7 Kxg7 24. Qd3 Rc7 25. axb6 axb6 26. Be2 e5 27. Qc3 Kg8
28. Rd6 Nc5 29. Rad1 Ne4 30. Qe3 Nxd6 31. Rxd6 1/2-1/2

[Event "XV Obert Internacional d'Escacs de Figueres "Mique"]
[Site "Castillo San Ferran Figueres"]
[Date "2014.08.14"]
[Round "4"]
[Board "10"]
[White "Cano Egea, Gerard"]
[Black "Saez Coma, Alejandro"]
[Result "1/2-1/2"]
[WhiteElo "1934"]
[BlackElo "2113"]
[PlyCount "120"]
[EventDate "2014.08.11"]
[EventRounds "9"]
[EventCountry "ESP"]

1. e4 c5 2. Nf3 Nc6 3. d4 cxd4 4. Nxd4 g6 5. c4 Bg7 6. Nc2 d6 7. Be2 Nf6 8. Nc3
O-O 9. O-O a6 10. Be3 Rb8 11. Qd2 Be6 12. Rfd1 b5 13. cxb5 axb5 14. f3 Bc4 15.
Bxc4 bxc4 16. Na3 Na5 17. Bd4 Nd7 18. Nd5 Bxd4+ 19. Qxd4 Nb6 20. Ne3 Nc6 21.
Qc3 Na4 22. Qxc4 Qb6 23. Qxa4 Qxe3+ 24. Kh1 Nb4 25. Nc2 Nxc2 26. Qxc2 Rfc8 27.
Qd2 Qb6 28. b3 Rb7 29. Rac1 Rbc7 30. h3 Qa6 31. a4 Qb6 32. Rxc7 Rxc7 33. b4 Rc4
34. Rb1 Qc6 35. a5 Qb5 36. Qd5 Rc5 37. Qa8+ Kg7 38. a6 Qd3 39. Rg1 Rh5 40. Kh2
Qe3 41. Qc6 Qf4+ 42. Kh1 Qg3 43. Qc3+ f6 44. Rc1 Qf2 45. Rc2 Qb6 46. Qc6 Qxb4
47. a7 Ra5 48. Qc7 Rxa7 49. Qxa7 Qb1+ 50. Kh2 Qxc2 51. Qxe7+ Kg8 52. Qxf6 Qc7
53. Qe6+ Kg7 54. Qd5 Kf6 55. h4 h6 56. g4 Kg7 57. Kg3 Qb6 58. h5 Qg1+ 59. Kf4
Qc1+ 60. Kg3 Qg1+ 1/2-1/2

[Event "XV Obert Internacional d'Escacs de Figueres "Mique"]
[Site "Castillo San Ferran Figueres"]
[Date "2014.08.14"]
[Round "4"]
[Board "11"]
[White "Vilar Lopez, Monica"]
[Black "Juan Bartroli, Pau"]
[Result "0-1"]
[WhiteElo "2171"]
[BlackElo "2186"]
[PlyCount "66"]
[EventDate "2014.08.11"]
[EventRounds "9"]
[EventCountry "ESP"]

1. e4 c6 2. d4 d5 3. Nc3 dxe4 4. Nxe4 Bf5 5. Ng3 Bg6 6. h4 h6 7. Nf3 Nd7 8. h5
Bh7 9. Bd3 Bxd3 10. Qxd3 e6 11. Bd2 Ngf6 12. O-O-O Be7 13. Ne4 Nxe4 14. Qxe4
Nf6 15. Qd3 O-O 16. Ne5 c5 17. Be3 Qa5 18. Kb1 Rfd8 19. Qe2 Rac8 20. g4 Nd5 21.
c4 Nxe3 22. fxe3 Bf6 23. Qf3 cxd4 24. exd4 Bxe5 25. dxe5 Qxe5 26. b3 b5 27.
Rhe1 Qc5 28. Qe4 Rxd1+ 29. Rxd1 bxc4 30. Qc2 c3 31. a4 e5 32. Ka2 e4 33. Qxe4
Qf2+ 0-1

[Event "XV Obert Internacional d'Escacs de Figueres "Mique"]
[Site "Castillo San Ferran Figueres"]
[Date "2014.08.14"]
[Round "4"]
[Board "12"]
[White "Campos Moreno, Javier B."]
[Black "Aymerich Verdaguer, Eduard"]
[Result "1-0"]
[WhiteElo "2458"]
[BlackElo "2023"]
[PlyCount "59"]
[EventDate "2014.08.11"]
[EventRounds "9"]
[EventCountry "ESP"]

1. d4 Nf6 2. c4 g6 3. Nc3 Bg7 4. e4 d6 5. Nge2 O-O 6. Ng3 c5 7. d5 e6 8. Be2
exd5 9. cxd5 Na6 10. O-O Nc7 11. Bg5 h6 12. Be3 Re8 13. Qd2 b5 14. Nxb5 Nxe4
15. Nxe4 Rxe4 16. Nc3 Rb4 17. a3 Rb7 18. Bxh6 Rab8 19. Bxg7 Kxg7 20. b4 cxb4
21. axb4 Qh4 22. b5 Bd7 23. Ra4 Qe7 24. Re1 Re8 25. Re4 Qf6 26. Bf1 Bxb5 27.
Nxb5 Nxb5 28. Rxe8 Nc3 29. R8e3 Rc7 30. Rf3 1-0

[Event "XV Obert Internacional d'Escacs de Figueres "Mique"]
[Site "Castillo San Ferran Figueres"]
[Date "2014.08.14"]
[Round "4"]
[Board "13"]
[White "Costa Trave, Jaume"]
[Black "Vinardell Cruanas, Sergi"]
[Result "0-1"]
[WhiteElo "1947"]
[BlackElo "2167"]
[PlyCount "54"]
[EventDate "2014.08.11"]
[EventRounds "9"]
[EventCountry "ESP"]

1. f4 c5 2. Nf3 Nf6 3. e3 g6 4. d4 Bg7 5. c3 O-O 6. Bd3 d6 7. O-O Nc6 8. Bc2
cxd4 9. exd4 e5 10. d5 Ne7 11. c4 exf4 12. Bxf4 Nh5 13. Bg5 Qb6+ 14. Kh1 Nf5
15. Bb3 Bxb2 16. Nbd2 h6 17. Rb1 hxg5 18. Rxb2 Ne3 19. Qe1 Nxf1 20. Nxf1 g4 21.
Ng5 Bf5 22. Re2 Qd4 23. Ne4 Nf4 24. Re3 Nd3 25. Rxd3 Qxe4 26. Re3 Qb1 27. Qe2
Rac8 0-1

[Event "XV Obert Internacional d'Escacs de Figueres "Mique"]
[Site "Castillo San Ferran Figueres"]
[Date "2014.08.14"]
[Round "4"]
[Board "14"]
[White "Fernandez Garcia, Francesc"]
[Black "Serra Canals, Oriol"]
[Result "1/2-1/2"]
[WhiteElo "2070"]
[BlackElo "1892"]
[PlyCount "73"]
[EventDate "2014.08.11"]
[EventRounds "9"]
[EventCountry "ESP"]

1. c4 e6 2. g3 d5 3. Bg2 Nf6 4. Nf3 dxc4 5. Na3 Bxa3 6. bxa3 c3 7. d3 O-O 8.
Qc2 Nc6 9. Qxc3 Nd5 10. Qc2 e5 11. O-O Bg4 12. Bb2 f6 13. Rac1 Kh8 14. e3 Re8
15. h3 Bh5 16. Nd2 Bg6 17. Ne4 Nce7 18. Nc5 Qc8 19. e4 Nb6 20. a4 Nc6 21. Rfd1
Nd7 22. Nb3 Bf7 23. d4 Nb4 24. Qb1 c6 25. d5 c5 26. a3 Na6 27. Na5 b6 28. Nc4
Qd8 29. Bc3 Nc7 30. Qc2 Rb8 31. Rb1 Rf8 32. Rb3 Ne8 33. Rbb1 Qc7 34. a5 Nd6 35.
axb6 axb6 36. Bd2 Bg6 37. g4 1/2-1/2

[Event "XV Obert Internacional d'Escacs de Figueres "Mique"]
[Site "Castillo San Ferran Figueres"]
[Date "2014.08.14"]
[Round "4"]
[Board "15"]
[White "Diaz Munoz, Sergi"]
[Black "Parals Marce, Luis"]
[Result "0-1"]
[WhiteElo "2034"]
[BlackElo "1962"]
[PlyCount "58"]
[EventDate "2014.08.11"]
[EventRounds "9"]
[EventCountry "ESP"]

1. e4 c5 2. Nf3 e6 3. d4 cxd4 4. Nxd4 a6 5. Be2 Qc7 6. O-O Nf6 7. Bf3 Be7 8.
Nc3 O-O 9. Re1 d6 10. Be3 Nbd7 11. g3 Ne5 12. Bg2 Bd7 13. h3 Rac8 14. Qe2 Nc4
15. Bc1 Qb6 16. Nb3 Ne8 17. Nd1 Bf6 18. c3 Bb5 19. Qc2 Ba4 20. Be3 Qb5 21. Bf1
d5 22. exd5 Qxd5 23. Qd3 Qxd3 24. Bxd3 Ned6 25. Bc1 Ne5 26. Be2 Bb5 27. Na5
Bxe2 28. Rxe2 Nd3 29. Be3 Nc4 0-1